| 000 | 00803nam a2200229 a 4500 | ||
|---|---|---|---|
| 005 | 20231028063605.0 | ||
| 008 | 991125s1996 mx 000 0 spa u | ||
| 035 | _aUPN01000004347 | ||
| 049 | _aTES | ||
| 099 | _a12863 | ||
| 100 | 1 | _aAcuña Pastrana, Silvia Raquel | |
| 245 | 1 | 3 |
_aEl área de lenguaje frente al trabajo de la educadora / _cSilvia Raquel Acuña Pastrana. |
| 260 |
_aXalapa : _bS. R. Acuña Pastrana, _c1996. |
||
| 300 | _a88, [9] h. | ||
| 500 | _a"Unidad 301" | ||
| 502 | _aPropuesta pedagógica (Lic. en Educación Preescolar) -- Universidad Pedagógica Nacional, 1996 | ||
| 650 | 4 |
_aNiños _xLenguaje _95709 |
|
| 650 | 4 |
_aCuentos infantiles _96744 |
|
| 650 | 4 |
_aExpresión oral _91525 |
|
| 710 | 2 |
_aUniversidad Pedagógica Nacional (México). _bUnidad 301 _928478 |
|
| 905 | _aTesis | ||
| 999 |
_c4347 _d4347 |
||